000 00605cab a2200193 4500
001 WB2630-07
008 090401t1990 xxu||||| |||| 00| 0 eng d
035 _a(Sirsi) u29008
041 _aeng
245 _aResearch on arches
260 _c1990
350 _a0
490 _aResearch Focus (ICE)
_v) no 2 July 1990 p6
520 _aBritish Rail Research are to undertake research into the structural assessment of masonry arches with new software and the effectiveness of different repair methods.
650 _aRAILWAY ARCHES
690 _aBUILT ENVIRONMENT
942 _n0
948 _c04/03/1997
999 _c19523
_d19523